[Event "Invitation"]
[Site "http://www.queenalice.com/game.php?id=301462"]
[Date "2007.11.10"]
[Round "-"]
[White "rcloutier"]
[Black "brianrintoul"]
[Result "1-0"]
[WhiteElo "1388"]
[BlackElo "1420"]

1. d4 Nc6 2. d5 Nb4 3. a3 Na6 4. c4 c5 5. e4 Nf6 6. Qf3 h5 7. Nh3 Ng4 8. Ng5 Ne5
9. Qf4 f6 10. Nh3 d6 11. f3 Qa5+ 12. Bd2 Qb6 13. b4 g5 14. Qe3 g4 15. fxg4 hxg4
16. Nf4 Rg8 17. h4 cxb4 18. axb4 Nxb4 19. h5 Nc2+ 20. Ke2 Nxa1 21. h6 Bxh6 22.
Qa3 Qxb1 23. Rxh6 Nxc4 24. Qd3 Qa2 25. Kf2 g3+ 26. Kf3 Nc2 27. Qc3 b5 28. e5 f5
29. exd6 Qb1 30. Bxc4 a6 31. Bd3 exd6 32. Qc7 Rf8 33. Rh7 b4 34. Qe7# 1-0

[Event "Invitation"]
[Site "http://www.queenalice.com/game.php?id=310841"]
[Date "2007.11.27"]
[Round "-"]
[White "brianrintoul"]
[Black "rcloutier"]
[Result "0-1"]
[WhiteElo "1413"]
[BlackElo "1411"]

1. e4 e5 2. Nf3 d6 3. d4 Nc6 4. Nc3 Bg4 5. h3 Bxf3 6. gxf3 exd4 7. Nd5 f5 8. Qd3
Qh4 9. Nxc7+ Kd7 10. Nd5 fxe4 11. fxe4 Be7 12. Qxd4 Nxd4 13. c3 Rf8 14. Be3 Rf3
15. O-O-O Qxe4 16. cxd4 Qxd5 17. b3 Qe4 18. Rd3 Nf6 19. Rc3 Nd5 20. Bb5+ Kd8 21.
Rc4 Nxe3 22. Re1 Qd3 23. Rxe3 Rxe3 24. fxe3 Rf8 25. Kb2 d5 26. Rc5 Bxc5 27. dxc5
Qxb5 28. a4 Qb4 29. h4 Rf2+ 30. Kc1 Qe1# 0-1

[Event "Invitation"]
[Site "http://www.queenalice.com/game.php?id=311314"]
[Date "2007.11.28"]
[Round "-"]
[White "rcloutier"]
[Black "brianrintoul"]
[Result "1-0"]
[WhiteElo "1411"]
[BlackElo "1421"]

1. e4 Nf6 2. e5 Ne4 3. f3 Ng5 4. f4 Ne4 5. d3 Nc5 6. Be3 e6 7. d4 Ne4 8. Qd3 f5
9. g4 Qh4+ 10. Ke2 Nc6 11. Nf3 Qxg4 12. h3 Qg3 13. Nbd2 Nb4 14. Qc4 a5 15. Qxc7
b6 16. Nc4 Ba6 17. b3 Be7 18. Rg1 Nxc2 19. Rc1 Rc8 20. Qxb6 Rc6 21. Qb8+ Bd8 22.
Rxc2 O-O 23. Rxg3 Nxg3+ 24. Kf2 Ne4+ 25. Ke1 Be7 26. Qa7 Bb4+ 27. Kd1 a4 28.
bxa4 Ng3 29. Qxd7 Rcc8 30. Qxe6+ Rf7 31. Ng5 Nxf1 32. Qxf7+ Kh8 33. Ne6 Rg8 34.
Rg2 Bxc4 35. Rxg7 Nxe3+ 36. Kc1 Ba3+ 37. Kd2 Nf1+ 38. Ke1 Bb4+ 39. Kf2 Bxe6 40.
Qxe6 Kxg7 41. Qf6# 1-0

[Event "Invitation"]
[Site "http://www.queenalice.com/game.php?id=316460"]
[Date "2007.12.7"]
[Round "-"]
[White "rcloutier"]
[Black "brianrintoul"]
[Result "0-1"]
[WhiteElo "1431"]
[BlackElo "1404"]

1. c4 e5 2. d4 d5 3. e3 Nf6 4. dxe5 Ne4 5. Nc3 Ng5 6. cxd5 f6 7. exf6 Qxf6 8.
Be2 Bc5 9. Bb5+ c6 10. Ba4 O-O 11. dxc6 Qxf2# 0-1

[Event "Invitation"]
[Site "http://www.queenalice.com/game.php?id=319242"]
[Date "2007.12.13"]
[Round "-"]
[White "brianrintoul"]
[Black "rcloutier"]
[Result "0-1"]
[WhiteElo "1464"]
[BlackElo "1448"]

1. Nf3 g6 2. d4 Bg7 3. Nc3 d5 4. e3 Nf6 5. Nb5 c6 6. Na3 b5 7. Ne5 Nbd7 8. Nxc6
Qc7 9. Nb4 Ne4 10. Nxb5 Qa5 11. c3 Ba6 12. Bd3 Bxb5 13. a4 Bxd3 14. Qxd3 O-O 15.
Nc6 Qc7 16. Nxe7+ Kh8 17. Nxd5 Qd6 18. Qxe4 Nf6 19. Nxf6 Qxf6 20. h4 h5 21. g4
hxg4 22. Qxg4 Rad8 23. h5 Kg8 24. hxg6 fxg6 25. Qh3 Qxf2+ 26. Kd1 Rf3 27. Qh7+
Kf7 28. e4 Rd3+ 29. Bd2 Qxd2# 0-1

[Event "Invitation"]
[Site "http://www.queenalice.com/game.php?id=319243"]
[Date "2007.12.13"]
[Round "-"]
[White "rcloutier"]
[Black "brianrintoul"]
[Result "1-0"]
[WhiteElo "1430"]
[BlackElo "1464"]

1. c4 e5 2. e4 Nf6 3. d3 h6 4. Nh3 Bc5 5. f3 c6 6. b3 d6 7. Bd2 Bd4 8. Bc3 Be3
9. Qe2 Bc1 10. f4 Nd5 11. cxd5 cxd5 12. exd5 O-O 13. g4 f5 14. g5 exf4 15. gxh6
gxh6 16. Qh5 Re8+ 17. Kd1 Be3 18. Rg1+ Bxg1 19. Nxg1 Qe7 20. Na3 Qe3 21. Qg6+
Kf8 22. Bb4 Rd8 23. Nb5 a6 24. Nxd6 a5 25. Qf7# 1-0

[Event "Challenge"]
[Site "http://www.queenalice.com/game.php?id=346773"]
[Date "2008.2.1"]
[Round "-"]
[White "brianrintoul"]
[Black "rcloutier"]
[Result "0-1"]
[WhiteElo "1425"]
[BlackElo "1466"]

1. Nf3 Nf6 2. d4 d5 3. Nc3 e6 4. Ne5 b6 5. e3 c5 6. Bb5+ Bd7 7. Be2 cxd4 8. exd4
Ne4 9. f3 Nd6 10. f4 f6 11. Ng4 h5 12. Ne3 f5 13. h4 Qf6 14. a4 a5 15. b3 g6 16.
Ba3 Ne4 17. Qd3 Nc6 18. Nb5 Rc8 19. g3 Nxg3 20. Bf3 Nxh1 21. Bxh1 Qxh4+ 22. Kd1
Qxh1+ 23. Nf1 Bh6 24. Nd6+ Kd8 25. Kd2 Bxf4+ 26. Kc3 Qg2 27. Nf7+ Kc7 28. Qa6
Rhf8 29. Nd6 Ra8 30. Qb7+ Kd8 31. Qxb6+ Ke7 32. Nb7+ Kf7 33. Qc5 Qf3+ 34. Kb2
Kg7 35. Nd6 Rab8 36. b4 axb4 37. Bxb4 Rxb4+ 38. Qxb4 Nxb4 39. c3 Nd3+ 40. Kb3
Bxd6 41. Nd2 Rb8+ 42. Kc2 Qe2 43. a5 Bc7 44. a6 Bb6 45. Ra2 Bb5 46. Rb2 Nxb2 47.
Kxb2 Qxd2+ 48. Kb3 Ba5 49. a7 Ra8 50. c4 Rxa7 51. c5 Qb4+ 52. Kc2 Qc3+ 53. Kb1
Bd3+ 54. Ka2 Qb4 55. c6 Bc7# 0-1

[Event "Challenge"]
[Site "http://www.queenalice.com/game.php?id=346774"]
[Date "2008.2.1"]
[Round "-"]
[White "rcloutier"]
[Black "brianrintoul"]
[Result "0-1"]
[WhiteElo "1480"]
[BlackElo "1416"]

1. e4 Nf6 2. e5 Ne4 3. d3 Nc5 4. d4 Ne4 5. f3 Nf2 6. Qd2 Nxh1 7. f4 e6 8. g4
Qh4+ 9. Kd1 Be7 10. Nf3 Qxg4 11. Qg2 Qxg2 12. Bxg2 Nf2+ 13. Ke1 Ne4 14. Nc3 d5
15. Nb5 Bd8 16. h4 c6 17. Na3 Na6 18. h5 h6 19. c4 Nb4 20. Kd1 Ba5 21. cxd5 Nxd5
22. Nh4 Nf2+ 23. Ke2 Ne4 24. Nc4 Bb4 25. Bxe4 Nf6 26. exf6 gxf6 27. Bd2 Bxd2 28.
Kxd2 a5 29. a4 f5 30. Bd3 Rg8 31. Nd6+ Kd7 32. Nxf7 Rg4 33. Nf3 Rxf4 34. N3e5+
Ke7 35. Nxh6 Rh4 36. Ng6+ Kf6 37. Nxh4 Kg5 38. Be2 Kxh4 39. Nf7 b5 40. h6 Bd7
41. Nd6 Rh8 42. Nf7 Rh7 43. Ne5 Be8 44. Rh1+ Kg3 45. Nf3 bxa4 46. Ng5 Rd7 47.
Nxe6 Bf7 48. h7 Bxe6 49. h8=Q f4 50. Rg1+ Kf2 51. Rf1+ Kg2 52. Qg8+ Bxg8 53.
Rxf4 Rb7 54. Rg4+ Kf2 55. Rxg8 Rxb2+ 56. Kc3 a3 57. Rf8+ Kxe2 58. Rc8 Rb1 59.
Rxc6 a2 60. Kc4 a1=Q 61. Kd5 Qa2+ 62. Ke5 Qb3 63. Rc5 Qb4 64. Rd5 a4 65. Rd7 a3
66. d5 a2 67. Ra7 Qb3 68. d6 a1=Q+ 69. Rxa1 Rxa1 70. d7 Ra8 71. Kd6 Qb7 72. Ke7
Ke3 73. Ke6 Ke4 74. Kd6 Rd8 75. Ke6 Qxd7+ 76. Kf6 Kf4 77. Kg6 Kg4 78. Kf6 Qd6+
79. Kf7 Kf5 80. Kg7 Kg5 81. Kf7 Qd7# 0-1

[Event "Challenge"]
[Site "http://www.queenalice.com/game.php?id=360409"]
[Date "2008.2.25"]
[Round "-"]
[White "brianrintoul"]
[Black "rcloutier"]
[Result "1-0"]
[WhiteElo "1417"]
[BlackElo "1444"]

1. Nf3 d6 2. d4 c5 3. c3 b5 4. e3 c4 5. Na3 b4 6. Nxc4 bxc3 7. bxc3 a5 8. Qa4+
Bd7 9. Qb3 a4 10. Qb7 Nc6 11. Na3 Rb8 12. Qa6 Ra8 13. Qb5 g6 14. Qd5 Bh6 15. Bc4
e6 16. Qxd6 Nf6 17. h3 Qa5 18. O-O Qxc3 19. Bd2 Qb2 20. Nb5 Rb8 21. Nc7+ Kd8 22.
Rad1 Ne4 23. Ba5 Rc8 24. Qh2 Qxa2 25. Bxa2 Nxa5 26. Na6 Ke7 27. Ne5 f6 28. Ng4
Bg7 29. d5 f5 30. d6+ Kf7 31. Qf4 h5 32. Nh2 Nb7 33. Nf3 Nc3 34. Rd2 Ra8 35. Bc4
Na5 36. Bd3 Nd5 37. Qg3 Bc3 38. Rc2 Rhc8 39. Ng5+ Kf8 40. Nh7+ Kg7 41. Ng5 Kf6
42. Nh7+ Kg7 43. Ng5 Be5 44. Qxe5+ Kh6 45. f4 Rc6 46. Nc5 Rd8 47. Ncxe6 Bxe6 48.
Nxe6 Re8 49. Qg7# 1-0

[Event "Challenge"]
[Site "http://www.queenalice.com/game.php?id=360411"]
[Date "2008.2.25"]
[Round "-"]
[White "rcloutier"]
[Black "brianrintoul"]
[Result "0-1"]
[WhiteElo "1461"]
[BlackElo "1435"]

1. b4 Nc6 2. c3 b5 3. a4 Ne5 4. axb5 Rb8 5. Qa4 Rb6 6. Qxa7 Rd6 7. Qc5 f6 8. d4
Ng4 9. Qh5+ g6 10. Qxg4 f5 11. Qf3 e5 12. dxe5 Rd5 13. e3 Rxe5 14. Na3 Nh6 15.
Nc4 Re6 16. h3 c6 17. bxc6 dxc6 18. Bd3 Qxd3 19. Nb6 Ba6 20. Ne2 Rd6 21. Ba3
Qd2+ 22. Kf1 Bg7 23. Bc1 Qd3 24. Ra3 O-O 25. h4 Qd1# 0-1

[Event "Challenge"]
[Site "http://www.queenalice.com/game.php?id=363534"]
[Date "2008.3.1"]
[Round "-"]
[White "schizo"]
[Black "rcloutier"]
[Result "1-0"]
[WhiteElo "1104"]
[BlackElo "1425"]

1. Nh3 e5 2. g3 e4 3. f3 d5 4. Nf4 exf3 5. exf3 Qe7+ 6. Ne2 Nc6 7. h4 Qf6 8. Bh3
Qxf3 9. Rf1 Qh5 10. Nf4 Qe5+ 11. Qe2 Qe7 12. d3 Ne5 13. Nxd5 Qc5 14. Qxe5+ Ne7
15. Nxc7+ Kd8 16. Qxc5 Bxh3 17. Rxf7 Ng6 18. Bg5+ Kc8 19. Qd4 Bb4+ 20. Qxb4 Ne5
21. Rxg7 Rb8 22. d4 Nc6 23. Qd6 b6 24. Na6 Rb7 25. Qxc6+ Rc7 26. Qxc7# 1-0

[Event "Challenge"]
[Site "http://www.queenalice.com/game.php?id=365223"]
[Date "2008.3.4"]
[Round "-"]
[White "brianrintoul"]
[Black "rcloutier"]
[Result "1-0"]
[WhiteElo "1439"]
[BlackElo "1427"]

1. d4 d5 2. c3 c6 3. b4 b5 4. Bg5 f6 5. Bh4 g5 6. Bg3 Nh6 7. e3 Ng4 8. Qd2 a5 9.
f3 Nh6 10. Qe2 axb4 11. cxb4 Ra4 12. a3 Na6 13. f4 g4 14. h3 gxh3 15. gxh3 Nf5
16. Bf2 e5 17. Qh5+ Ke7 18. fxe5 fxe5 19. dxe5 Ng7 20. Qg5+ Kd7 21. Bh4 Be7 22.
Qxg7 Kc7 23. Bxe7 Qe8 24. Bd6+ Kd8 25. Ra2 h5 26. Rb2 Rg8 27. Qf6+ Kd7 28. Bd3
Rg3 29. Bf5+ Qe6 30. Bxe6+ Ke8 31. Bxc8 Rg7 32. Qf8# 1-0

[Event "Challenge"]
[Site "http://www.queenalice.com/game.php?id=369479"]
[Date "2008.3.12"]
[Round "-"]
[White "brianrintoul"]
[Black "rcloutier"]
[Result "1-0"]
[WhiteElo "1459"]
[BlackElo "1411"]

1. c4 c5 2. Qa4 Nc6 3. Nf3 Nf6 4. d3 g6 5. a3 Qb6 6. b4 e5 7. Bg5 Nh5 8. b5 Nd4
9. Nxe5 d6 10. Nf3 Be7 11. Be3 O-O 12. h3 a6 13. Qd1 axb5 14. Nc3 bxc4 15. Nd5
Qc6 16. Nxe7+ Kg7 17. Nxc6 bxc6 18. Qd2 Nb3 19. Qc3+ Kg8 20. Rb1 Na5 21. g4 Ng7
22. Bh6 f6 23. d4 cxd4 24. Qxd4 d5 25. e4 dxe4 26. Nd2 f5 27. Qxg7# 1-0

[Event "Challenge"]
[Site "http://www.queenalice.com/game.php?id=371289"]
[Date "2008.3.14"]
[Round "-"]
[White "brianrintoul"]
[Black "rcloutier"]
[Result "1-0"]
[WhiteElo "1487"]
[BlackElo "1397"]

1. c4 c5 2. Qa4 e6 3. Nf3 Nf6 4. Ne5 Bd6 5. Nd3 e5 6. g3 e4 7. Nf4 O-O 8. Bh3 e3
9. fxe3 a6 10. Qc2 b6 11. Bg2 Nc6 12. a3 Bxf4 13. gxf4 Ng4 14. Qf5 Qh4+ 15. Kd1
Nh6 16. Qd3 Qf2 17. Be4 g6 18. b3 d6 19. Bb2 Re8 20. a4 Bg4 21. Qc3 Qxe2+ 22.
Kc2 Nb4+ 23. Kc1 Rxe4 24. Qg7# 1-0

[Event "Challenge"]
[Site "http://www.queenalice.com/game.php?id=374232"]
[Date "2008.3.20"]
[Round "-"]
[White "brianrintoul"]
[Black "rcloutier"]
[Result "1-0"]
[WhiteElo "1465"]
[BlackElo "1385"]

1. d4 c6 2. c3 d5 3. e3 f5 4. f4 e6 5. Nh3 Qh4+ 6. g3 Qd8 7. Ng5 h6 8. Nf3 g5 9.
Be2 g4 10. Ne5 Nf6 11. h3 gxh3 12. Rxh3 b5 13. Bh5+ Nxh5 14. Rxh5 Ba6 15. Rh4
Rg8 16. b3 Rxg3 17. Qh5+ Ke7 18. Ba3+ Kf6 19. Rh1 Qc7 20. Bxf8 Rxe3+ 21. Kd2 Re4
22. Qxh6# 1-0

[Event "Challenge"]
[Site "http://www.queenalice.com/game.php?id=375031"]
[Date "2008.3.21"]
[Round "-"]
[White "brianrintoul"]
[Black "rcloutier"]
[Result "0-1"]
[WhiteElo "1454"]
[BlackElo "1372"]

1. Nf3 d5 2. d4 c6 3. Bg5 h6 4. Bh4 g5 5. Bg3 g4 6. Ne5 f6 7. Ng6 Rh7 8. e3 Rg7
9. Nh8 Rg5 10. Be2 Bg7 11. Nf7 Kxf7 12. c3 b5 13. h4 Rf5 14. f4 a5 15. b4 axb4
16. cxb4 Ra3 17. Nxa3 Qd6 18. Rb1 Na6 19. Nc2 h5 20. Bd3 Nxb4 21. Nxb4 c5 22.
Nc2 cxd4 23. Bxb5 dxe3 24. Nxe3 Qe6 25. Qd3 Bb7 26. Bf2 Rxf4 27. Ba4 Ba8 28. Qb5
Bc6 29. Qa6 Bxa4 30. Qxa4 Rxa4 31. O-O Rxa2 32. Rfd1 Bh6 33. Nxd5 Qe2 34. Ne3
Qxf2+ 35. Kh2 Bxe3 36. Rg1 Qxh4# 0-1

[Event "Challenge"]
[Site "http://www.queenalice.com/game.php?id=376859"]
[Date "2008.3.25"]
[Round "-"]
[White "brianrintoul"]
[Black "rcloutier"]
[Result "0-1"]
[WhiteElo "1433"]
[BlackElo "1391"]

1. Nf3 d6 2. d4 c5 3. c3 e6 4. e4 cxd4 5. Nxd4 e5 6. Nf3 b5 7. Bxb5+ Bd7 8. Bc4
Qc8 9. Bd5 Bc6 10. Bc4 Bxe4 11. Na3 Nc6 12. Bg5 f6 13. Bh4 Na5 14. Bb5+ Ke7 15.
Qe2 Qg4 16. Bg3 Nh6 17. O-O-O Bd5 18. Rxd5 Qe6 19. Qd2 e4 20. Nh4 a6 21. Bc6
Nxc6 22. Bxd6+ Kf7 23. Nc4 g6 24. Bf4 g5 25. Bd6 Bxd6 26. Rxd6 Qxc4 27. Rd7+ Ne7
28. Qd6 gxh4 29. Qxe7+ Kg6 30. g3 Rab8 31. gxh4 Qxa2 32. Rg1+ Kf5 33. Kc2 Qxb2+
34. Kd1 Qb1+ 35. Ke2 Qxg1 36. Rd6 Ng4 37. Qe6+ Kf4 38. Rd5 Qxf2+ 39. Kd1 Rb1#
0-1

[Event "Challenge"]
[Site "http://www.queenalice.com/game.php?id=384361"]
[Date "2008.4.9"]
[Round "-"]
[White "rcloutier"]
[Black "brianrintoul"]
[Result "1-0"]
[WhiteElo "1409"]
[BlackElo "1414"]

1. e4 d5 2. e5 e6 3. d4 b5 4. b4 Na6 5. c3 h6 6. Bxb5+ c6 7. Bxc6+ Bd7 8. Bxa8
Qxa8 9. a4 Be7 10. b5 Nc7 11. f4 Bh4+ 12. g3 Be7 13. Nf3 f5 14. Nh4 g5 15. Ng6
Rh7 16. g4 Rg7 17. gxf5 exf5 18. Nxe7 Kxe7 19. Ba3+ Ke6 20. Qd3 g4 21. h3 g3 22.
Rg1 g2 23. Kf2 Qe8 24. Rxg2 Rh7 25. Nd2 h5 26. Rag1 Rh6 27. Rxg8 Qf7 28. Nf3 Be8
29. Ng5+ Kd7 30. Nxf7 Bxf7 31. R8g7 Ke6 32. R1g5 Ne8 33. Qxf5# 1-0

[Event "Challenge"]
[Site "http://www.queenalice.com/game.php?id=395676"]
[Date "2008.4.30"]
[Round "-"]
[White "rcloutier"]
[Black "brianrintoul"]
[Result "1/2-1/2"]
[WhiteElo "1396"]
[BlackElo "1252"]

1. e3 e5 2. d4 e4 3. g4 d5 4. c4 Nf6 5. g5 Ng4 6. f4 f5 7. h3 Nf2 8. Kxf2 Bb4 9.
a3 Ba5 10. Qa4+ Bd7 11. Qxa5 b6 12. Qc3 h6 13. g6 Qh4+ 14. Ke2 O-O 15. cxd5 a5
16. Qxc7 Bb5+ 17. Kd2 Bxf1 18. a4 Na6 19. Qxb6 Qg3 20. Ne2 Qf2 21. Kc3 Qxe2 22.
Nd2 Bg2 23. Rg1 Bxh3 24. b3 Rac8+ 25. Kb2 Qxe3 26. Qxa6 Qxd4+ 27. Kb1 e3 28. Nf3
Qxd5 29. Ka2 Rb8 30. Rb1 Qc5 31. Ne5 Rbc8 32. Rb2 Qd4 33. Qe6+ Kh8 34. Re1 Qxf4
35. Nd7 Rfe8 36. Rbe2 Qf3 37. Rxe3 Qg2+ 38. Bb2 f4 39. Qf7 Rg8 40. Nf6 Rgf8 41.
Qd7 Bxd7 42. Nh5 fxe3 43. Rxe3 Qxg6 44. Bxg7+ Kg8 45. Bxf8 Qxh5 46. Ba3 Qh2+ 47.
Bb2 Qd2 48. Rg3+ Kh7 49. Rg7+ Kh8 50. Rxd7+ Kg8 51. Rxd2 h5 52. Bf6 Kf7 53. Rd7+
Kxf6 54. b4 axb4 55. Rb7 h4 56. Rxb4 h3 57. a5 Ra8 58. Rb6+ Kg5 59. Rb1 Rxa5+
60. Kb2 h2 61. Rh1 Rb5+ 62. Kc2 1/2-1/2

[Event "Challenge"]
[Site "http://www.queenalice.com/game.php?id=421339"]
[Date "2008.6.22"]
[Round "-"]
[White "brianrintoul"]
[Black "rcloutier"]
[Result "0-1"]
[WhiteElo "1267"]
[BlackElo "1390"]

1. c4 c5 2. d4 b6 3. d5 g6 4. e4 f5 5. e5 Qc7 6. f4 e6 7. d6 Qb7 8. b3 Qe4+ 9.
Be2 Bb7 10. Nf3 Nh6 11. Nbd2 Qc6 12. O-O Ng4 13. Ng5 Ne3 14. Qe1 Nxf1 15. Qxf1
h6 16. Nh3 Na6 17. g3 Qh1+ 18. Kf2 Qxh2+ 19. Ke1 Qxg3+ 20. Kd1 h5 21. Nf3 Bh6
22. Bd2 Nb4 23. a3 Nc6 24. Be1 Qxf4 25. Nxf4 Bxf4 26. Bh4 Na5 27. Rb1 Be4 28.
Rb2 Rg8 29. Ng1 Bh6 30. Nh3 g5 31. Bxh5+ Kf8 32. Nf2 Bc6 33. b4 Nb7 34. b5 gxh4
35. bxc6 dxc6 36. Qh3 Bg5 37. d7 Rd8 38. Qd3 Na5 39. Qd6+ Kg7 40. Qe7+ Bxe7 41.
Rd2 Kh6 42. Bf7 Rg1+ 43. Ke2 Nxc4 44. Rd3 Nxe5 45. Bxe6 c4 46. Rc3 b5 47. Bxf5
b4 48. axb4 Bxb4 49. Rh3 Kg5 50. Be6 c3 51. Ne4+ Kg6 52. Rxh4 c2 53. Rg4+ Nxg4
54. Kd3 c1=Q 55. Ke2 Qe3# 0-1

[Event "Challenge"]
[Site "http://www.queenalice.com/game.php?id=458820"]
[Date "2008.9.5"]
[Round "-"]
[White "therota2"]
[Black "rcloutier"]
[Result "1-0"]
[WhiteElo "1500"]
[BlackElo "1401"]

1. d4 d5 2. c4 dxc4 3. e4 f5 4. e5 b5 5. Nc3 a6 6. Bf4 e6 7. Nh3 Nc6 8. Be3 Nb4
9. Bg5 Be7 10. Qf3 Rb8 11. Rc1 Bxg5 12. Nxg5 Bb7 13. Qh5+ g6 14. Qh4 c5 15. dxc5
Qc7 16. f4 Rd8 17. Nxe6 Qd7 18. Nxd8 Qxd8 19. Qxd8+ Kxd8 20. Rd1+ Kc8 21. Rg1
Ne7 22. g3 Nc2+ 23. Kf2 b4 24. Na4 b3 25. axb3 cxb3 26. Bc4 h6 27. Bxb3 Nb4 28.
e6 g5 29. Nb6+ Kc7 30. Rd7+ Kc6 31. Rxe7 Bc8 32. Rc1 Nd3+ 33. Ke3 Nxc1 34. Bc4
Kxc5 35. Nxc8 Kxc4 36. Rc7+ Kb3 37. Rxc1 Kxb2 38. Rc5 Re8 39. e7 Kb3 40. Rc7 a5
41. Nd6 1-0